Statistics for Hollyoaks Characters - 2015

Click here to take the quiz!

General Stats

  • This quiz has been taken 595 times
  • The average score is 36 of 65

Answer Stats

HintAnswer% Correct
HaySte
85%
HutchinsonTony
84%
BlakeSienna
83%
CunninghamCindy
79%
BlackGrace
78%
MinniverMaxine
78%
OsbourneDarren
76%
HaytonNancy
76%
BlakePatrick
75%
McQueenMercedes
74%
LomaxPeri
74%
ButterfieldKim
72%
LomaxLeela
72%
O'ConnorDiane
71%
OsbourneJack
71%
ButterfieldLindsey
71%
CunninghamTom
71%
RoscoeFreddie
70%
RoscoeJoe
70%
LovedayLisa
69%
McQueenJohn Paul
68%
CunninghamHolly
67%
McQueenMyra
66%
BlakeNico
65%
McQueenCleo
64%
MinniverMinnie
64%
BloomEsther
63%
RoscoeRobbie
62%
RoyleTrevor
62%
LovedaySimone
61%
O'ConnorSinead
61%
LomaxTegan
61%
LovedayLouis
59%
LovedayZack
59%
CampbellCameron
58%
RoscoeJason
58%
SavageDirk
57%
ThompsonHarry
56%
OsbourneFrankie
54%
McQueenNana
54%
RoscoeZiggy
51%
BuchananPete
50%
DrinkwellScott
49%
McQueenCeline
45%
McQueenTheresa
45%
CampbellLockie
44%
BradleyBen
43%
JenkinsDylan
43%
HutchinsonDee dee
42%
LomaxRose
41%
Hay-O'ConnorHannah
39%
ButterfieldKath
36%
CunninghamHilton
35%
HutchinsonAnthony
34%
OsbourneOscar
31%
RoyleCurtis
29%
McQueenReenie
27%
S'avageCharles
26%
RoscoeJJ
25%
McQueenMatthew
25%
McQueenPorshe
20%
McQueenKathleen Angel
17%
BigsbyKyle
17%
BigsbyAiden
15%
JenkinsVal
11%

Score Distribution

Percentile by Number Answered

Percent of People with Each Score

Your Score History

You have not taken this quiz